Sleepy Animals Quiz Stats

 Plays Quiz Updated Mar 18, 2020

Support Sporcle.
Go Orange.
Score 0/25 Timer 04:00
0 Plays Today
% Correct
Sleeping Dog
98.8%
Sleeping Lion
98.8%
Sleeping Zebra
98.8%
Sleeping Seal
98.6%
Sleeping Baby (human)
98%
Sleeping Koala
97.7%
Sleeping Panda
97.1%
Sleeping Elephant
97%
Sleeping Cat
97%
Sleeping Rabbit
96.5%
Sleeping Giraffe
96.4%
Sleeping Polar Bear
96.3%
Sleeping Penguin
95.5%
% Correct
Sleeping Rat
95.5%
Sleeping Donkey
95.4%
Sleeping Gorilla
95.2%
Sleeping Pig
94.3%
Sleeping Robin
94%
Sleeping Chimpanzee
93.8%
Sleeping Fox
93.5%
Sleeping Lizard
93.4%
Sleeping Squirrel
91.6%
Sleeping Beaver
88.8%
Sleeping Hedgehog
76%
Sleeping Meerkat
75.7%

You're not logged in!

Compare scores with friends on all Sporcle quizzes.
OR
Log In

From the Vault

Don't Type the Vowels II

by MSUKent

Dnt frgt t lv th vwls t whn tpng fr ths qz.
Remove Ads.
Support Sporcle.
Get the best of Sporcle when you Go Orange. This ad-free experience offers more features, more stats, and more fun while also helping to support Sporcle. Thank you for becoming a member.

Show Comments

Extras

Top Quizzes Today


Score Distribution

Your Account Isn't Verified!

In order to create a playlist on Sporcle, you need to verify the email address you used during registration. Go to your Sporcle Settings to finish the process.

Report this User

Report this user for behavior that violates our Community Guidelines.

Details: